000 00622nam a2200229Ia 4500
003 OSt
005 20220926012123.0
006 a|||||r|||| 00| 0
007 ta
008 220923b |||||||| |||| 00| 0 eng d
037 _cGeneral Book
040 _aRTL
_cRTL
_beng
041 _2eng
_aeng
082 _aV41,1y7M93, L6
100 _aPye Lucian W
245 0 _aMao-Tse-tung
_b The man in the leader
260 _aNew York
_bBasic Books
_c1976
300 _axviii, 346p
_ccm.
650 _aChina History
942 _hV41,1y7M93, L6
_cGB
_2CC
999 _c621757
_d621757